<?xml version="1.0" encoding="UTF-8"?><?xml-stylesheet type="text/xsl" href="static/style.xsl"?><OAI-PMH xmlns="http://www.openarchives.org/OAI/2.0/" xmlns:xsi="http://www.w3.org/2001/XMLSchema-instance" xsi:schemaLocation="http://www.openarchives.org/OAI/2.0/ http://www.openarchives.org/OAI/2.0/OAI-PMH.xsd"><responseDate>2026-06-01T13:43:35Z</responseDate><request verb="GetRecord" identifier="oai:riuma.uma.es:10630/32733" metadataPrefix="marc">https://riuma.uma.es/rest/oai/request</request><GetRecord><record><header><identifier>oai:riuma.uma.es:10630/32733</identifier><datestamp>2026-02-03T11:10:06Z</datestamp><setSpec>com_10630_2254</setSpec><setSpec>col_10630_37953</setSpec></header><metadata><record xmlns="http://www.loc.gov/MARC21/slim" xmlns:dcterms="http://purl.org/dc/terms/" xmlns:doc="http://www.lyncode.com/xoai" xmlns:xsi="http://www.w3.org/2001/XMLSchema-instance" xsi:schemaLocation="http://www.loc.gov/MARC21/slim http://www.loc.gov/standards/marcxml/schema/MARC21slim.xsd">
   <leader>00925njm 22002777a 4500</leader>
   <datafield ind2=" " ind1=" " tag="042">
      <subfield code="a">dc</subfield>
   </datafield>
   <datafield ind2=" " ind1=" " tag="720">
      <subfield code="a">Jiménez-Cordero, María Asunción</subfield>
      <subfield code="e">author</subfield>
   </datafield>
   <datafield ind2=" " ind1=" " tag="720">
      <subfield code="a">Maldonado-Alarcón, Sebastián</subfield>
      <subfield code="e">author</subfield>
   </datafield>
   <datafield ind2=" " ind1=" " tag="260">
      <subfield code="c">2020</subfield>
   </datafield>
   <datafield ind2=" " ind1=" " tag="520">
      <subfield code="a">Functional Data Analysis (FDA) has become a very important field in recent years due to its wide range of applications. However, there are several real-life applications in which hybrid functional data appear, i.e., data with functional and static covariates. The classification of such hybrid functional data is a challenging problem that can be handled with the Support Vector Machine (SVM). Moreover, the selection of the most informative features may yield to drastic improvements in the classification rates. In this paper, an embedded feature selection approach for SVM classification is proposed, in which the isotropic Gaussian kernel is modified by associating a bandwidth to each feature. The bandwidths are jointly optimized with the SVM parameters, yielding an alternating optimization approach. The effectiveness of our methodology was tested on benchmark data sets. Indeed, the proposed method achieved the best average performance when compared to 17 other feature selection and SVM classification approaches. A comprehensive sensitivity analysis of the parameters related to our proposal was also included, confirming its robustness.</subfield>
   </datafield>
   <datafield ind1="8" ind2=" " tag="024">
      <subfield code="a">Jiménez-Cordero, A., Maldonado, S. Automatic feature scaling and selection for support vector machine classification with functional data. Appl Intell 51, 161–184 (2021). https://doi.org/10.1007/s10489-020-01765-6</subfield>
   </datafield>
   <datafield ind1="8" ind2=" " tag="024">
      <subfield code="a">https://hdl.handle.net/10630/32733</subfield>
   </datafield>
   <datafield ind1="8" ind2=" " tag="024">
      <subfield code="a">10.1007/s10489-020-01765-6</subfield>
   </datafield>
   <datafield tag="653" ind2=" " ind1=" ">
      <subfield code="a">Aprendizaje automático (Inteligencia artificial)</subfield>
   </datafield>
   <datafield ind2="0" ind1="0" tag="245">
      <subfield code="a">Automatic feature scaling and selection for support vector machine classification with functional data.</subfield>
   </datafield>
</record>
</metadata></record></GetRecord></OAI-PMH>